<?xml version="1.0" encoding="UTF-8"?><collection xmlns="info:lc/xmlns/marcxchange-v2"><record format="Unimarc" type="bibliographic"><leader>00754cam 02200253  04500</leader><controlfield tag="001">1984026</controlfield><controlfield tag="003">http://id.bnportugal.gov.pt/bib/porbase/1984026</controlfield><controlfield tag="005">20030503110400.0</controlfield><datafield ind1=" " ind2=" " tag="010"><subfield code="a">0-8218-1428-1</subfield></datafield><datafield ind1=" " ind2=" " tag="035"><subfield code="2">41483</subfield></datafield><datafield ind1=" " ind2=" " tag="095"><subfield code="a">PTBN00250082</subfield></datafield><datafield ind1=" " ind2=" " tag="100"><subfield code="a">19890531e19791976k  y0pora0103    ba</subfield></datafield><datafield ind1="0" ind2=" " tag="101"><subfield code="a">eng</subfield></datafield><datafield ind1=" " ind2=" " tag="102"><subfield code="a">US</subfield></datafield><datafield ind1="1" ind2=" " tag="200"><subfield code="a">Mathematical developments arising from Hilbert problems</subfield><subfield code="f">ed. by Felix E. Browder</subfield></datafield><datafield ind1=" " ind2=" " tag="210"><subfield code="a">Providence</subfield><subfield code="c">AMS</subfield><subfield code="d">imp. 1979</subfield></datafield><datafield ind1=" " ind2=" " tag="215"><subfield code="a">628 p.</subfield></datafield><datafield ind1=" " ind2=" " tag="675"><subfield code="a">511</subfield><subfield code="v">med</subfield><subfield code="z">eng</subfield><subfield code="3">295052</subfield></datafield><datafield ind1=" " ind2=" " tag="675"><subfield code="a">514</subfield><subfield code="v">med</subfield><subfield code="z">eng</subfield><subfield code="3">292041</subfield></datafield><datafield ind1=" " ind2=" " tag="675"><subfield code="a">515</subfield><subfield code="v">med</subfield><subfield code="z">eng</subfield><subfield code="3">380204</subfield></datafield><datafield ind1=" " ind2=" " tag="675"><subfield code="a">517</subfield><subfield code="v">med</subfield><subfield code="z">eng</subfield><subfield code="3">288919</subfield></datafield><datafield ind1=" " ind2="1" tag="702"><subfield code="a">Browder</subfield><subfield code="b">Felix E.</subfield><subfield code="4">340</subfield><subfield code="3">424742</subfield></datafield><datafield ind1="1" ind2="2" tag="710"><subfield code="a">Symposium in Pure Mathematics</subfield><subfield code="e">Norther Illinois</subfield><subfield code="f">1974</subfield><subfield code="3">424743</subfield></datafield><datafield ind1=" " ind2="0" tag="801"><subfield code="a">PT</subfield><subfield code="b">BN</subfield><subfield code="g">RPC</subfield></datafield><datafield ind1=" " ind2=" " tag="977"><subfield code="1">G. 10.18</subfield><subfield code="2">coop</subfield><subfield code="4">UCMA</subfield><subfield code="6">mq371020</subfield><subfield code="7">bc</subfield><subfield code="8">coop</subfield><subfield code="9">UCMA</subfield><subfield code="b">15014</subfield><subfield code="k">0</subfield></datafield><datafield ind1=" " ind2=" " tag="998"><subfield code="a">UCMA3 - 00238</subfield></datafield></record></collection>